First Letter Appearance Only: Novels Quiz Stats

Quiz Updated Apr 2, 2012

Challenge
Share
Tweet
Embed
Score 0/24 Timer 06:00
0 Plays Today
Reduced Novel Full Novel % Correct
THEGRASBYThe Great Gatsby
92.5%
LORDFTHEISLord of the Flies
88.1%
NIETGHYFOURNineteen Eighty-Four
84.6%
ACLOKWRNGEA Clockwork Orange
69.7%
THECARINYThe Catcher in the Rye
67.6%
ANEOFGRBLSAnne of Green Gables
57.6%
ANKREIAnna Karenina
55%
AFREWLTOMSA Farewell to Arms
54.1%
ONEHUDRYASFLITOne Hundred Years of Solitude
44.9%
TESOFHDURBVILTess of the d'Urbervilles
42.6%
THESANICVRThe Satanic Verses
39.6%
APORTIFHESYUNGMA Portrait of the Artist as a Young Man
37.5%
Reduced Novel Full Novel % Correct
SONADLVERSons and Lovers
37.2%
GOTELINHMUAGo Tell It on the Mountain
33.6%
ABSLOMAbsalom, Absalom!
31%
SONGFLMSong of Solomon
30.7%
WHERTDFNGOSWhere the Red Fern Grows
28.9%
TOHELIGUSTo the Lighthouse
26.8%
APSGETOINDA Passage to India
26.3%
TOBACRDTobacco Road
25.7%
ACONFEDRYUSA Confederacy of Dunces
24.2%
THEUNFORDCBThe Hunt for Red October
22.8%
STRANGEILDStranger in a Strange Land
22.7%
ASEPRTCA Separate Peace
20.8%

You're not logged in!

Compare scores with friends on all Sporcle quizzes.
Join for Free
OR
Log In

You Might Also Like...

Show Comments

Extras

Top Quizzes Today


Score Distribution

Your Account Isn't Verified!

In order to create a playlist on Sporcle, you need to verify the email address you used during registration. Go to your Sporcle Settings to finish the process.

Report this User

Report this user for behavior that violates our Community Guidelines.

Details: